000 01125nam a22002297a 4500
003 AM-YEHGA
005 20260403152021.0
008 260313s2025 ai a|||| |||| 00| 0|arm|d
020 _a978-9939-79-333-7
040 _aAM-YEHGA
041 0 _aarm
245 0 0 _aԿառավարման համակարգերի տարրերի փորձարկում և արդյունքների վերլուծություն ։
_bԼաբորատոր աշխատանքների կատարման մեթոդական ցուցումներ /
_cՀԱՊՀ; Կազմ․՝ Հ․Գ․ Դարբինյան, Ա․Գ․ Առաքելյան․
260 _aԵրևան ։
_bՃարտարագետ,
_c2025․
300 _a40 էջ ։
_bնկ․
650 1 4 _aԿառավարման համակարգեր
_9130
650 1 4 _aՈւղղաթիռային համակարգ
700 1 _aԴարբինյան, Հայկանուշ Գուրգենի
_eկազմ․
_4com
700 1 _aԱռաքելյան, Արուսյակ Գեղամի
_eկազմ․
_4com
710 2 _aՀայաստանի ազգային պոլիտեխնիկական համալսարան
942 _2udc
_cBK
001 2053573
999 _c541929
_d541929